Countries With the Highest GDP per capita with Exceptions - Statistics

General Stats
  • This quiz has been taken 23 times
  • The average score is 18 of 20
Answer Stats
Rank Country GDP per capita Population % Correct
21 Germany $51,104 83,695,430
100%
5 Norway $99,481 5,435,536
100%
9 Singapore $79,576 5,453,600
100%
26 France $44,747 67,874,000
95%
7 Qatar $84,514 2,799,202
95%
14 Sweden $57,978 10,402,070
95%
6 Switzerland $96,390 8,753,933
95%
25 United Kingdom $49,761 67,081,234
95%
13 Australia $67,464 25,923,719
89%
19 Austria $53,371 9,027,999
89%
16 Canada $57,409 38,840,060
89%
12 Denmark $68,094 5,883,562
89%
18 Finland $53,745 5,550,066
89%
17 Israel $54,688 9,550,460
89%
15 Netherlands $57,836 17,719,486
89%
24 New Zealand $49,847 5,133,333
89%
22 United Arab Emirates $50,349 9,282,410
89%
10 United States $76,027 332,917,316
89%
20 Belgium $52,485 11,657,619
84%
4 Ireland $101,509 5,123,536
84%
No matching quizzes found
Score Distribution
Percent of People with Each Score
Percentile by Number Answered
Your Score History
You have not taken this quiz